000
00208 a2200097 4500
001
6922
100
_a
Kendall, M G
245
_a
Advanced theory of Statistics
260
_a
_b
Griffin
_c
090
_c
5717
_d
5717
942
_a
NUST-CAE
_c
M
_c
32175
999
_c
241995
_d
241995